Data Structures & Algorithms (Record no. 390)

MARC details
000 -LEADER
fixed length control field 00427nam a2200169Ia 4500
008 - FIXED-LENGTH DATA ELEMENTS--GENERAL INFORMATION
fixed length control field 221030s9999 xx 000 0 und d
020 ## - INTERNATIONAL STANDARD BOOK NUMBER
ISBN 8188057053
041 ## - LANGUAGE CODE
Language code of text/sound track or separate title
082 ## - DEWEY DECIMAL CLASSIFICATION NUMBER
Classification number 105.23
Item number Kak
100 ## - MAIN ENTRY--AUTHOR NAME
Personal name O. G. Kakde
245 #0 - TITLE STATEMENT
Title Data Structures & Algorithms
Statement of responsibility, etc by O. G. Kakde, U. A. Deshpande
260 ## - PUBLICATION, DISTRIBUTION, ETC. (IMPRINT)
Name of publisher ISTE
Place of publication New Delhi
Year of publication 2001
300 ## - PHYSICAL DESCRIPTION
Number of Pages 8.51
650 ## - SUBJECT ADDED ENTRY--TOPICAL TERM
Topical Term BE Computer
700 ## - ADDED ENTRY--PERSONAL NAME
Personal name U. A. Deshpande
942 ## - ADDED ENTRY ELEMENTS (KOHA)
Koha item type Books
Holdings
Accession Number Cost, normal purchase price Full call number Price effective from Koha item type Withdrawn / writtenoff status Materials specified (bound volume or other part) Damaged status Not for loan Collection code Permanent Location Current Location Shelving location Date acquired Lost/ Missing status department
BE 6664 350.00 105.23 Kak 10/30/2022 Books   Print   Not For Loan   MIET Library, Jammu MIET Library, Jammu BL-Second, FL-1, CUP-58, SH-1, R-1 04/26/2003   BE
BE 4864 350.00 105.23 Kak 10/30/2022 Books   Print   Not For Loan   MIET Library, Jammu MIET Library, Jammu BL-Second, FL-1, CUP-58, SH-1, R-1 03/19/2002   BE